Trujillo del Perú a fines del Siglo XVIII (Record no. 99761)

MARC details
000 -LEADER
campo de control de longitud fija 00867nam a2200217 4500
001 - NÚMERO DE CONTROL
campo de control 99761
003 - IDENTIFICADOR DE NÚMERO DE CONTROL
campo de control ES-MaACL
005 - FECHA Y HORA DE LA ÚLTIMA TRANSACCIÓN
campo de control 20230906182542.0
007 - CAMPO FIJO DE DESCRIPCIÓN FÍSICA--INFORMACIÓN GENERAL
campo de control de longitud fija t|
008 - DATOS DE LONGITUD FIJA--INFORMACIÓN GENERAL
campo de control de longitud fija 050915s1936 sp f ||||1| spa d
245 00 - MENCIÓN DEL TÍTULO
Título Trujillo del Perú a fines del Siglo XVIII
Resto del título : dibujos y acuarelas que mandó hacer el obispo D. Baltasar Jaime Martínez Compañón.
260 ## - PUBLICACIÓN, DISTRIBUCIÓN, ETC.
Lugar de publicación, distribución, etc. Madrid :
Nombre del editor, distribuidor, etc. Patrimonio de la República :
-- Biblioteca de Palacio,
Fecha de publicación, distribución, etc. [1936]
300 ## - DESCRIPCIÓN FÍSICA
Extensión CIV h. de lám. ;
Dimensiones 25 cm.
599 ## - NOTA A LAS ILUSTRACIONES
NOTA A LAS ILUSTRACIONES Lám.: mapas, planos, il. col. y n.
650 04 - PUNTO DE ACCESO ADICIONAL DE MATERIA--TÉRMINO DE MATERIA
Término de materia o nombre geográfico como elemento de entrada Naturaleza-
Subdivisión geográfica Perú-
Subdivisión de forma Obras anteriores a 1800.
9 (RLIN) 142620
651 #4 - PUNTO DE ACCESO ADICIONAL DE MATERIA--NOMBRE GEOGRÁFICO
Nombre geográfico Perú-
Subdivisión general Descripción-
Subdivisión de forma Obras anteriores a 1800.
9 (RLIN) 142621
651 #4 - PUNTO DE ACCESO ADICIONAL DE MATERIA--NOMBRE GEOGRÁFICO
Nombre geográfico Perú-
Subdivisión de forma Obras ilustradas.
9 (RLIN) 142625
700 1# - ENTRADA AGREGADA--NOMBRE PERSONAL
Nombre de persona Martínez Compañón, Baltasar Jaime.
9 (RLIN) 77949
710 2# - ENTRADA AGREGADA--NOMBRE DE ENTIDAD CORPORATIVA
Nombre de entidad corporativa o nombre de jurisdicción como elemento de entrada Palacio Real (Madrid).
Unidad subordinada Biblioteca.
9 (RLIN) 6101
852 4# - LOCALIZACIÓN
Ubicación BA
Número de control de estantería C-2773
Holdings
Estatus retirado Estado de pérdida Estado de daño No para préstamo Biblioteca de origen Biblioteca actual Ubicación en estantería Fecha de adquisición Fuente de adquisición Total de préstamos Signatura topográfica completa Código de barras Visto por última vez Precio de reemplazo Tipo de ítem Koha
        Biblioteca del Ateneo de Madrid Biblioteca del Ateneo de Madrid Sala Palomar 17/01/2008     C-2773 1104167 23/02/2023 23/02/2023 Libro impreso